000 00271nam a2200109Ia 4500
008 190914s9999||||xx |||||||||||||| ||und||
100 _aJohn M. Ivancevich
245 0 _aHuman Resource Management
260 _aCanada
_bTata McGraw Hill
_c2003
300 _a258
942 _cBK
999 _c9746
_d9746